Authors by book Quiz Stats

 Plays Quiz not verified by Sporcle

Challenge
Share
Tweet
Embed
Score 0/20 Timer 10:00
0 Plays Today
Book Author % Correct
A Midsummer Night's DreamWilliam Shakespeare
93.6%
Harry PotterJ. K. Rowling
91.7%
Huckleberry FinnMark Twain
90.4%
To Kill A MockingbirdHarper Lee
85.9%
Lord of the RingsJ. R. R. Tolkien
85.9%
The Hound of the BaskervillesSir Arthur Conan Doyle
71.2%
Alice in WonderlandLewis Carroll
71.2%
Lord of the FliesWilliam Golding
60.9%
Little House on the PraireLaura Ingalls Wilder
44.9%
The GiverLois Lowry
37.2%
Book Author % Correct
The PearlJohn Steinbeck
36.5%
There Eyes Were Watching GodZora Neale Hurston
34.6%
Black BeautyAnna Sewell
33.3%
The Blind SideMichael Lewis
17.9%
Roll of Thunder Hear My CryMildred Taylor
10.9%
The Red PyramidRick Riordan
8.3%
The Miracle WorkerWilliam Gibson
8.3%
The Westing GameEllen Raskin
6.4%
TobermorySaki
3.8%
Lizzie Bright and the Buckminster BoyGray D. Schmidt
1.9%

You're not logged in!

Compare scores with friends on all Sporcle quizzes.
Join for Free
OR
Log In

You Might Also Like...

Show Comments

Extras

Top Quizzes Today


Score Distribution

Your Account Isn't Verified!

In order to create a playlist on Sporcle, you need to verify the email address you used during registration. Go to your Sporcle Settings to finish the process.

Report this User

Report this user for behavior that violates our Community Guidelines.

Details: